Los fichajes más caros del fútbol - Pivotes - Temporada 2019-2020 - Estadísticas

Estadísticas generales
  • Esta prueba ha sido intentada 15 veces
  • La puntuación promedio es 3 de 10
Estadísticas de respuestas
Coste (M €) Nacionalidad Último club Nuevo club Jugador % Correcto
70,00 España Atlético Madrid Manchester City Rodri
100%
23,00 Eslovaquia Celta de Vigo Nápoles Stanislav Lobotka
67%
19,50 Marruecos / Países Bajos Hellas Verona Fiorentina Sofyan Amrabat
58%
20,00 Alemania Borussia Dortmund Benfica Julian Weigl
33%
20,00 Brasil Athletico Paranaense Lyon Bruno Guimarães
25%
22,00 Italia Atalanta AS Roma Bryan Cristante
8%
25,,00 Francia Lyon Hertha Berlín Lucas Tousart
8%
21,00 Guinea Nápoles AS Roma Amadou Diawara
0%
25,00 Costa de Marfil / Francia Mainz Everton Jean-Philippe Gbamin
0%
22,00 Brasil LOSC Lille Lyon Thiago Mendes
0%
No se encontraron pruebas coincidentes
Distribución de puntuación
Porcentaje de gente con cada puntuación
Porcentaje por número respondido
Historial de tus puntuaciones
No has intentado esta prueba.